Statistiques concernant Anagrammes - Prénoms féminins - Série 06

Cliquez ici pour prendre le quiz!

Statistiques générales

  • Ce quiz a été pris 245 fois
  • Le résultat moyen est 7 sur 10

Statistiques - réponses

AnagrammePrénom% Correct
CLAUDIENClaudine
92%
LIANEAline
88%
MOINESSimone
85%
CLAIEAlice
84%
HENTORSEHortense
84%
LECHEMINIMicheline
81%
DILUVIENLudivine
70%
CLONERAICaroline
42%
LEVINSAYSylviane
28%
SIGNALEHIGhislaine
27%

Distribution des résultats

Percentile par nombre de réponses

% des personnes avec chaque résultat

Votre développement - résultats

Vous n’avez pas pris ce quiz